000 00288nam a2200109Ia 4500
008 220204s9999 xx 000 0 und d
082 _a330.35
_bMUR
100 _aMURANJAN, S K
245 0 _aReflections on economic growth and progress
260 _aPoona
_bGokhale Inst
_c1956
942 _cBK
999 _c20064
_d20064